| 000 | 00404cam a22001337a 4500 | ||
|---|---|---|---|
| 008 | 180718b1985 xxu||||| |||| 00| 0 eng d | ||
| 082 | _aAPPPA 84-85 PAU | ||
| 100 | _aPaul, Dmita | ||
| 245 |
_aMultinationals and the transfer of skills _cby Dmita Paul |
||
| 260 |
_aNew Delhi _bIndian Institute of Public Administration _c1985 |
||
| 300 | _a71p. | ||
| 650 | _aTransfer of skills | ||
| 650 | _aMultinationals | ||
| 999 |
_c501365 _d501365 |
||